Indian social problems: A sociological perspective (Record no. 396311)

MARC details
000 -LEADER
fixed length control field 00535 a2200193 4500
005 - DATE & TIME
control field 20260227094956.0
008 - FIXED-LENGTH DATA ELEMENTS--GENERAL INFORMATION
fixed length control field 260225b |||||||| |||| 00| 0 eng d
020 ## - ISBN
International Standard Book Number 9789384857950
Price Rs. 845.00
040 ## - CATALOGING SOURCE
Original cataloging agency VIVEKANANDA LIBRARY
082 ## - DDC NUMBER
Classification number 301.954
Book Number R18I
100 ## - MAIN ENTRY--PERSONAL NAME
Personal name Rao, C N Shankar
245 ## - TITLE STATEMENT
Title Indian social problems: A sociological perspective
260 ## - PUBLICATION, DISTRIBUTION, ETC. (IMPRINT)
Name of publisher, distributor, etc S Chand Publishing
Date of publication, distribution, etc 2026
Place of publication, distribution, etc Noida
300 ## - PHYSICAL DESCRIPTION
Pages xvii, 645
650 ## - Subject
Subject Social Conditions-India
650 ## - Subject
Subject Sociology-India
650 ## - Subject
Subject Social Problems-India
942 ## - ADDED ENTRY ELEMENTS (KOHA)
Koha item type Books
Holdings
Withdrawn status Lost status Source of classification or shelving scheme Damaged status Not for loan Location (home branch) Sublocation or collection (holding branch) Shelving location Date acquired Koha issues (times borrowed) Koha full call number Accession No. Koha date last seen Koha item type
    Dewey Decimal Classification     VIVEKANANDA LIBRARY VIVEKANANDA LIBRARY Vivekananda Library 18/02/2026   301.954 R18I 438423 18/02/2026 Books
    Dewey Decimal Classification     VIVEKANANDA LIBRARY VIVEKANANDA LIBRARY Law Library 19/02/2026   301.954 R18I 377952 19/02/2026 Books
    Dewey Decimal Classification     VIVEKANANDA LIBRARY VIVEKANANDA LIBRARY Law Library 19/02/2026   301.954 R18I 377953 19/02/2026 Books
    Dewey Decimal Classification     VIVEKANANDA LIBRARY VIVEKANANDA LIBRARY Law Library 19/02/2026   301.954 R18I 377954 19/02/2026 Books
© Designed and Maintained by Vivekananda Library, MDU Rohtak